The Hidden peoples of the Amazon / (Registro nro. 2264)

Detalles MARC
000 -CABECERA
Campo de control 00892nam a2200229 a 4500
005 - FECHA Y HORA DE LA ULTIMA TRANSACCION
Campo de control 20160128104454.0
008 - ELEMENTOS DE LONGITUD FIJA—INFORMACION GENERAL
Campo de control 850709s1985 enkaf bc f000 0 eng
020 ## - ISBN
ISBN 0714115738
040 ## - FUENTE DE CATALOGACIÓN
Agencia catalogadora original DLC
Agencia transcriptora DLC
Agencia Modificadora DLC
-- CO-BoIAVH
041 0# - IDIOMA
Código de idioma para texto/pista de sonido o título separado Inglés
044 ## - PAÍS DE PUBLICACIÓN
País de publicación Inglaterra
082 04 - NUMERO DE CLASIFICACION DECIMAL DEWEY
Número de clasificación 305.8
Número del ítem H63p
245 04 - MENCION DE TITULO
Título The Hidden peoples of the Amazon /
Mención de responsabilidad Elizabeth Carmichael ... [et al.].
260 ## - PUBLICACION, DISTRIBUCION, ETC. (PIE DE IMPRENTA)
Lugar de publicación, distribución, etc. London :
Nombre del editor, distribuidor, etc. Published for the Trustees of the British Museum by British Museum Publications,
Fecha de publicación, distribución, etc. c1985.
300 ## - DESCRIPCION FISICA
Extensión 96 páginas, [8] páginas de placas :
Otros detalles físicos ilustraciones (algunas a color) ;
Dimensiones 25 x 22 cm.
504 ## - NOTA DE BIBLIOGRAFIA, ETC.
Nota de bibliografía Incluye referencias bibliográficas (páginas 95-96).
650 #4 - ASIENTO SECUNDARIO DE MATERIA - TERMINO TEMATICO
Término temático o nombre geográfico como elemento de entrada Indígenas
Subdivisión geográfica Suramérica
-- Amazonas
Subdivisión general Exhibiciones.
9 (RLIN) 55134
650 #4 - ASIENTO SECUNDARIO DE MATERIA - TERMINO TEMATICO
Término temático o nombre geográfico como elemento de entrada Museo de la humanidad
Subdivisión general Exhibiciones.
9 (RLIN) 55135
700 1# - ASIENTO SECUNDARIO - NOMBRE PERSONAL
Nombre personal Carmichael, Elizabeth.
9 (RLIN) 15200
710 2# - ASIENTO SECUNDARIO - NOMBRE CORPORATIVO
Nombre corporativo o de jurisdicción como elemento de entrada Museum of Mankind.
9 (RLIN) 55133
942 ## - ELEMENTOS ADICIONALES (KOHA)
Sistema de clasificación Dewey Decimal Classification
Tipo de ítem Libro
Existencias
Withdrawn status Lost status Sistema de Clasificación Damaged status No para préstamo Colección Inventariado Ubicación Permanente Ubicación actual Fecha de adquisición Fuente de Valor Valor Total Checkouts Número topográfico Inventario / Código de Barras Date last seen Ejemplar Price effective from Tipo de material
    Dewey Decimal Classification     General Inventariado 2017 Bogotá Bogotá 10/05/2001 Instituto 39000.00   LB-305.8 H63p 002829 04/12/2012 Ej. 1 04/12/2012 Libro